| 000 | 00993nam a2200277 i 4500 | ||
|---|---|---|---|
| 001 | 8449 | ||
| 003 | ES-MaACL | ||
| 005 | 20230906145447.0 | ||
| 007 | t| | ||
| 008 | 920617s1991 sp ||||1| spa d | ||
| 020 | _a87868-00-2 | ||
| 080 | _a312(4):331.6 | ||
| 080 | _a331.6:312(4) | ||
| 100 | 1 |
_aGuillemard, Anne-Marie. _960748 |
|
| 245 | 1 | 0 |
_aEnvejecimiento, edad y empleo en Europa _b: situación actual y perspectivas / _cpor Anne-Marie Guillemard. |
| 260 |
_aMadrid : _bInstituto de Estudios de Prospectiva, _cD.L. 1991. |
||
| 300 |
_aLXIV, 340 p. ; _c24 cm. |
||
| 490 | 1 |
_aInformes del Instituto de Estudios de Prospectiva ; _v8 |
|
| 650 | 1 | 4 |
_aPoblación- _xEnvejecimiento. _916140 |
| 650 | 1 | 4 |
_aEmpleo- _zEuropa. _912204 |
| 651 | 4 |
_aEuropa- _xPoblación. _98622 |
|
| 710 | 2 |
_aInstituto de Estudios de Prospectiva (Madrid) _94897 |
|
| 830 | 0 |
_aInformes del Instituto de Estudios de Prospectiva ; _v8 _9178147 |
|
| 852 |
_aES-MaACL _jL-15832 _bR.119712 |
||
| 999 |
_c8449 _d8449 |
||